Statistieken voor Landen van Europa - Klikquiz

Klik hier om de quiz te nemen!

Algemene statistieken

  • Deze quiz is 279 keer genomen
  • De gemiddelde score is 26 van 45

Antwoorden op de kaart

Antwoorden kleurgecodeerd door een groen-rode schaal op de quizkaart volgens % correct hieronder.
 

Antwoordstatistieken

Antwoord% Correct
Portugal
81%
Denemarken
77%
Duitsland
70%
Ierland
69%
Nederland
69%
België
68%
Italië
68%
Spanje
67%
Letland
66%
Griekenland
65%
Polen
65%
San Marino
65%
Litouwen
64%
Luxemburg
64%
Oekraïne
63%
Oostenrijk
63%
Monaco
62%
Noorwegen
61%
Estland
59%
Frankrijk
59%
Zweden
59%
Zwitserland
59%
Roemenië
57%
Wit-Rusland
57%
Kroatië
56%
Verenigd Koninkrijk
56%
Rusland
54%
Albanië
51%
Bosnië en Herzegovina
51%
Finland
50%
Slovenië
50%
Vaticaanstad
50%
Hongarije
49%
IJsland
49%
Noord-Macedonië
49%
Bulgarije
48%
Moldavië
48%
Andorra
46%
Malta
46%
Liechtenstein
44%
Kosovo
43%
Montenegro
43%
Slowakije
43%
Tsjechië
43%
Servië
37%

Scoreverdeling

Percentiel versus Aantal Correcte Antwoorden

Procent van Mensen met Elke Score

Uw Scoregeschiedenis

U heeft deze quiz nog niet genomen